01089cam a22002651 4500001001300000003000400013005001700017008004100034010001700075035002000092040005100112042001200163050002700175100004200202245005700244260004300301300001800344490005600362500005300418500009000471501015300561650002500714830006700739999001700806e 19000230 DLC20260227111210.0940801s1919 dcu f000 0 eng c ae 19000230  a(OCoLC)30855730 aLibrary, U.S. Bur. of EducationcIENdIENdDLC apremarc00aL111b.A6 1918, no. 451 aBuchner, Edward Franklin,d1868-1929.10aEducational surveys,cby Edward Franklin Buchner ... aWashington,bGovt. Print. Off.,c1919. a56 p.c23 cm.1 a[U.S.] Bureau of Education. Bulletin,v1918, no. 45 aAt head of title: Department of the Interior ... aAdvance sheets from the Biennial survey of education in the United States, 1916-1918. aWith: Instruction in art in the United States / Walter Sargent. Washington : Govt. Print. Off., 1919. Bound together subsequent to publication.5DLC 0aEducational surveys. 0aBulletin (United States. Bureau of Education) ;v1918, no. 45. c20299d20299